| 000 | 00921nam a2200229Ia 4500 | ||
|---|---|---|---|
| 003 | OSt | ||
| 005 | 20210524142711.0 | ||
| 008 | 210310s2011 ck ado gr 000 0 spa d | ||
| 020 | _a9789588616391 | ||
| 040 |
_aCO-JMCR _cCO-JMCR |
||
| 041 | 0 | _aspa | |
| 082 | 0 | 4 |
_a331.1291 / _bF292e _223 |
| 110 | 2 |
_aFedepalma _936980 |
|
| 245 | 0 |
_aEl empleo en el sector palmero en Colombia : _bresumen ejecutivo / _cFedepalma |
|
| 260 |
_aColombia : _bFedepalma, _c2011. |
||
| 300 |
_a23 páginas : _bilustraciones, gráficos y fotografías a color ; _c25 cm. |
||
| 505 | 0 | _aLa calidad de vida de los trabajadores en el sector de la Palma. -- Características del empleo y los salarios. -- El entorno el sector palmicultor. | |
| 650 | 1 | 4 |
_aEmpleo y salarios _xPalmicultores _zColombia _937833 |
| 650 | 2 | 4 |
_aVida de trabajadores _xPalmicultores _zColombia _937834 |
| 650 | 2 | 4 |
_aSector palmicultor _zColombia _937835 |
| 942 |
_2ddc _cBK |
||
| 999 |
_c11821 _d11821 |
||